University Home | Library Home | Institutional Repository

New directions in Geography teaching. (Record no. 179000)

MARC details
000 -LEADER
fixed length control field 00619cam4a220021700 4500
001 - CONTROL NUMBER
control field zam00003799
008 - FIXED-LENGTH DATA ELEMENTS--GENERAL INFORMATION
fixed length control field 951128s1973 xx eng u
035 ## - SYSTEM CONTROL NUMBER
System control number (Sirsi) r21114
035 ## - SYSTEM CONTROL NUMBER
System control number (MACHINE)SLC.
100 ## - MAIN ENTRY--PERSONAL NAME
Personal name Walford, R.
Linkage A80036.1
245 10 - TITLE STATEMENT
Title New directions in Geography teaching.
260 ## - PUBLICATION, DISTRIBUTION, ETC.
Date of publication, distribution, etc. 1973.
591 ## -
-- Class code: ED 425/360.
591 ## -
-- Course: Geography teaching methods.
591 ## -
-- School: S03.
591 ## -
-- Lecturer: Mr. Simukoko, R.K.
591 ## -
-- Number of Students: 47.
949 ## - LOCAL PROCESSING INFORMATION (OCLC)
a G 76.5.G7
w lcc
m MAIN
p 2500
t SHORTLOAN
l SHORTLOAN
909 ## -
-- BOOK

No items available.

© 2026 - The University of Zambia Library - Koha v25.11